000 00447nam a22001817a 4500
003 NUST - PNEC
005 20170116180821.0
008 150619b xxu||||| |||| 00| 0 eng d
020 _a-
040 _cLIBRARY
082 _a358 SAN
100 _94115
_aSanger
245 _aSpace flight
_cEugen sanger
260 _aNew york
_bMcgraw-Hill book company
_cc1965.
300 _a301 p. :
650 _94116
_aMathamtics
_xGeneral
942 _2ddc
_cBK
999 _c63739
_d63739